[Event "Genset Cup"]
[Site "Szombathely HUN"]
[Date "2009.03.30"]
[Round "5"]
[White "Rapport,R"]
[Black "Stavrianakis,I"]
[Result "1-0"]
[WhiteElo "2371"]
[BlackElo "2214"]

1.Nf3 Nf6 2.c4 e6 3.Nc3 d5 4.d4 c6 5.e3 Nbd7 6.Bd3 dxc4 7.Bxc4 b5 8.Bd3 Bd6
9.Bd2 O-O 10.O-O Bb7 11.Rc1 a6 12.Ne4 Nxe4 13.Bxe4 Rc8 14.b4 Qe7 15.Qb3 e5
16.Rfe1 Kh8 17.Qb1 h6 18.Bc3 exd4 19.exd4 Qd8 20.Ne5 Nf6 21.Bf3 Kg8 22.a3 Re8
23.Re2 Qb6 24.Rce1 Qc7 25.Qf5 Nd5 26.Bd2 Rcd8 27.Be4 Nf6 28.Bb1 Bc8 29.Qc2 Be6
30.Re3 Bd5 31.Ng4 Rxe3 32.Nxf6+ gxf6 33.Qh7+ Kf8 34.Rxe3 Be6 35.Rxe6  1-0

[Event "Open"]
[Site "Reykjavik ISL"]
[Date "2009.03.31"]
[Round "8"]
[White "Gislason,G"]
[Black "Sofrigin,A"]
[Result "1-0"]
[WhiteElo "2351"]
[BlackElo "2252"]

1.d4 d5 2.c4 c6 3.Nc3 Nf6 4.e3 e6 5.Nf3 Be7 6.Qc2 O-O 7.e4 dxe4 8.Nxe4 Nxe4
9.Qxe4 Nd7 10.Bd3 Nf6 11.Qe2 Bb4+ 12.Kf1 b6 13.Bg5 Bb7 14.Rd1 Be7 15.h4 Qc7
16.Ne5 Rad8 17.Rh3 c5 18.dxc5 bxc5 19.Rg3 Ne4 20.Bxe4 Rxd1+ 21.Qxd1 Bxe4
22.Bxe7 Qxe7 23.Qg4 f5 24.Qg5 Qc7 25.f4 Rb8 26.b3 Rb7 27.Kg1 Bb1 28.Qh5 Qd8
29.Kh2 Qe7 30.Nf3 Bxa2 31.Ng5 h6 32.Nf3 Rxb3 33.Qxh6 a5 34.Qh5 Qf7 35.Qg5 Rd3
36.h5 Kh7 37.Qh4 Qd7 38.Ng5+ Kh6 39.Rxd3 Qxd3 40.Nxe6 Qc3 41.Qg5+ Kh7 42.Qg6+ Kh8
43.Qe8+  1-0

[Event "Open"]
[Site "Reykjavik ISL"]
[Date "2009.04.01"]
[Round "9"]
[White "Bjarnason,S"]
[Black "Kristinsson,Bj"]
[Result "0-1"]
[WhiteElo "2211"]
[BlackElo "1959"]

1.d4 d5 2.c4 c6 3.Nf3 Nf6 4.e3 e6 5.Nc3 Nbd7 6.Qc2 Bd6 7.Bd3 O-O 8.O-O h6
9.Rd1 Re8 10.e4 dxe4 11.Nxe4 Nxe4 12.Bxe4 Nf6 13.Bd3 Qc7 14.b3 c5 15.Bb2 cxd4
16.Nxd4 Bxh2+ 17.Kh1 Be5 18.Qe2 Bxd4 19.Bxd4 e5 20.Be3 e4 21.Bc2 Bg4 22.f3 exf3
23.gxf3 Qg3 24.Rf1 Re5  0-1

[Event "Genset Cup"]
[Site "Szombathely HUN"]
[Date "2009.04.01"]
[Round "7"]
[White "Rachela,M"]
[Black "Sipos,I"]
[Result "0-1"]
[WhiteElo "2380"]
[BlackElo "2380"]

1.Nf3 d5 2.c4 c6 3.e3 Nf6 4.Nc3 e6 5.d4 Nbd7 6.Qc2 Bd6 7.g4 h6 8.Bd2 Qe7
9.O-O-O Nxg4 10.Be1 Ngf6 11.h4 b6 12.Rg1 g6 13.Kb1 Bb7 14.Bh3 O-O-O 15.cxd5 exd5
16.Ne5 Kb8 17.f4 Bb4 18.Bg2 Rhg8 19.Bf3 Rc8 20.Rc1 Bd6 21.Bf2 Bc7 22.Rg2 Nxe5
23.fxe5 Nd7 24.Rcg1 b5 25.Ne2 Bb6 26.Nf4 Nf8 27.Nh5 Ne6 28.Ng3 Rgf8 29.h5 c5
30.Qd2 b4 31.Be2 c4 32.Qc2 Qe8 33.Rh1 Rh8 34.Bg4 Rc7 35.Ne2 Ng5 36.Bh4 Ne4
37.Ng3 Nxg3 38.Bxg3 gxh5 39.Rxh5 Rc6 40.Bd7 Qf8 41.Bxc6 Bxc6 42.e6+ Ka8 43.Rf5 f6
44.Be5 Bd8 45.Bxf6 Bxf6 46.Qf2 b3 47.Rxf6 bxa2+ 48.Ka1 Qb4 49.Qd2 Qa4 50.Rg1 h5
51.e7 Rb8 52.Qh2 c3 53.Rxc6 Qxc6 54.Qxb8+ Kxb8 55.Rg8+ Kb7 56.e8=Q Qxe8 57.Rxe8 c2  0-1

[Event "10th TCh-RUS w"]
[Site "Dagomys RUS"]
[Date "2009.04.02"]
[Round "1"]
[White "Tarasova,Viktoriy"]
[Black "Ushenina,A"]
[Result "0-1"]
[WhiteElo "2292"]
[BlackElo "2478"]

1.d4 d5 2.c4 e6 3.Nc3 c6 4.e3 Nf6 5.Nf3 Nbd7 6.Bd3 dxc4 7.Bxc4 b5 8.Bd3 b4
9.Ne4 Nxe4 10.Bxe4 Bb7 11.O-O Bd6 12.b3 Nf6 13.Bd3 c5 14.Bb2 cxd4 15.Bb5+ Ke7
16.Nxd4 Qb6 17.Qe2 Rhc8 18.Bd3 h6 19.e4 Nd7 20.Nf3 Kf8 21.Nd2 Ne5 22.Nc4 Nxc4
23.Bxc4 Bc5 24.Qg4 Bd4 25.Bxd4 Qxd4 26.Rfe1 Rd8 27.Rad1 Qb6 28.e5 Rxd1 29.Rxd1 Rd8
30.h3 a5 31.Be2 Rxd1+ 32.Bxd1 Qc5 33.Qf4 Ke8 34.Bh5 Qc7 35.Kh2 Bd5 36.Kg3 a4
37.Bf3 axb3 38.Bxd5 exd5 39.axb3 Qc3+ 40.Qe3 Qxe3+ 41.fxe3 Ke7 42.h4 Ke6
43.Kf4 g5+ 44.hxg5 hxg5+ 45.Kxg5 Kxe5 46.g4 Ke4 47.Kf6 Kxe3  0-1

[Event "16th TCh-RUS HL"]
[Site "Dagomys RUS"]
[Date "2009.04.03"]
[Round "2"]
[White "Dyachkov,S"]
[Black "Kryakvin,D"]
[Result "1-0"]
[WhiteElo "2568"]
[BlackElo "2583"]

1.d4 d5 2.c4 c6 3.Nf3 Nf6 4.Nc3 e6 5.e3 Nbd7 6.Bd3 dxc4 7.Bxc4 b5 8.Bd3 Bb7
9.e4 b4 10.Na4 c5 11.e5 Nd5 12.O-O cxd4 13.Re1 g6 14.Bd2 Rc8 15.Rc1 Rxc1
16.Qxc1 Qa5 17.Qc2 Bg7 18.a3 Ba6 19.Bxa6 Qxa6 20.Nc5 Qc8 21.axb4 O-O 22.Qc4 d3
23.Re4 Rd8 24.Nxd3 Qb7 25.Re1 Rc8 26.Qd4 Qa6 27.Nc5 Nxc5 28.bxc5 Qb5 29.b4 Rb8
30.Re4 Bf8 31.Qc4 Qa4 32.h4 h6 33.Kh2 Rc8 34.Qd3 Rb8 35.Rg4 Nxb4 36.Rxb4 Rxb4
37.Bxb4 Qxb4 38.c6 Qf4+ 39.Kh3 Qc1 40.Qd7 g5 41.hxg5 hxg5 42.c7 Qf4 43.Nxg5 Qxg5
44.c8=Q Qh5+ 45.Kg3 Qxe5+ 46.Kf3 Qf5+ 47.Ke2 Qe4+ 48.Kd1 Qg4+ 49.f3 Qxg2
50.Qd3 Qg1+ 51.Kc2 Qf2+ 52.Qd2 Qxf3 53.Qg5+ Kh7 54.Qxf8 Qe4+ 55.Kc3 Qf3+
56.Kb4 Qb7+ 57.Kc4 Qa6+ 58.Qb5 Qa2+ 59.Kd3  1-0

[Event "10th TCh-RUS w"]
[Site "Dagomys RUS"]
[Date "2009.04.03"]
[Round "2"]
[White "Ushenina,A"]
[Black "Zhukova,N"]
[Result "1/2-1/2"]
[WhiteElo "2478"]
[BlackElo "2461"]

1.d4 d5 2.c4 c6 3.Nc3 Nf6 4.e3 e6 5.Nf3 Nbd7 6.Qc2 b6 7.b3 Bb7 8.Bd3 Bd6
9.Bb2 O-O 10.O-O c5 11.cxd5 exd5 12.Rad1 Qe7 13.Rfe1 Rfe8 14.Bf1 Rac8 15.dxc5 Nxc5
16.Qd2 Red8 17.Rc1 Nce4 18.Qd4 Bc5 19.Qd3 Bb4 20.Re2 Nxc3 21.Bxc3 Bxc3 22.Rxc3 Ba6
23.Qxa6 Rxc3 24.Re1 Ne4 25.Rd1 Qf6 26.Qxa7 g5 27.h3 h5 28.Bd3 g4 29.hxg4 hxg4
30.Bxe4 dxe4 31.Nd4 Rd3 32.Rf1 Rd2 33.Qb7 Re8 34.Qd7 Qe6 35.Qb5 Qe5 36.Qxb6 Rxa2
37.g3 Kg7 38.Nc6 Qf6 39.Qb5 Rh8 40.Nd4 Rd2 41.Qd5 Rd8  1/2-1/2

[Event "FSGM April"]
[Site "Budapest HUN"]
[Date "2009.04.04"]
[Round "1"]
[White "Horvath,P1"]
[Black "Kosic,D"]
[Result "1/2-1/2"]
[WhiteElo "2445"]
[BlackElo "2512"]

1.d4 d5 2.c4 e6 3.Nf3 Nf6 4.Nc3 c6 5.e3 Nbd7 6.Bd3 dxc4 7.Bxc4 b5 8.Bd3 a6
9.e4 c5 10.e5 cxd4 11.Nxb5 Nxe5 12.Nxe5 axb5 13.Bxb5+ Bd7 14.Nxd7 Qa5+ 15.Bd2 Qxb5
16.Nxf8 Kxf8 17.a4 Qe5+ 18.Qe2 Qxe2+ 19.Kxe2 Ke7 20.b4 Kd6  1/2-1/2

[Event "16th TCh-RUS Premier"]
[Site "Dagomys RUS"]
[Date "2009.04.05"]
[Round "2"]
[White "Levin,Ev"]
[Black "Timofeev,Arty"]
[Result "0-1"]
[WhiteElo "2456"]
[BlackElo "2677"]

1.d4 d5 2.c4 e6 3.Nc3 c6 4.e3 Nf6 5.Nf3 Nbd7 6.Qc2 Bd6 7.b3 O-O 8.Be2 Qe7
9.O-O dxc4 10.bxc4 e5 11.a4 Re8 12.a5 exd4 13.exd4 Nf8 14.Re1 Bg4 15.Be3 Ne6
16.g3 Bb4 17.Red1 c5 18.Nb5 cxd4 19.Nfxd4 Nxd4 20.Nxd4 Qe5 21.Rab1 Bc5 22.Rb5 b6
23.axb6 axb6 24.Re1 Bd7 25.Nf3 Qc7 26.Bf4 Qb7 27.Rb2 Qxf3 28.Bxf3 Rxe1+ 29.Kg2 Raa1
30.h3 Rh1 31.Bg4 Bc6+  0-1

[Event "10th TCh-RUS w"]
[Site "Dagomys RUS"]
[Date "2009.04.05"]
[Round "4"]
[White "Girya,O"]
[Black "Zaiatz,E"]
[Result "1-0"]
[WhiteElo "2335"]
[BlackElo "2362"]

1.c4 c6 2.Nc3 d5 3.d4 e6 4.e3 Nf6 5.Nf3 Nbd7 6.Bd3 dxc4 7.Bxc4 b5 8.Bd3 a6
9.e4 c5 10.d5 c4 11.Bc2 Qc7 12.O-O Bd6 13.dxe6 fxe6 14.Nd4 Nb6 15.Kh1 Bc5
16.f4 Qd7 17.Be3 Bb7 18.e5 O-O-O 19.exf6 Bxd4 20.Bxd4 Qxd4 21.Qe2 Qxf6 22.a4 Nd5
23.axb5 Nxc3 24.Qxc4+ Kb8 25.bxa6 Bd5 26.Qb4+ Ka8 27.bxc3 Rb8 28.Qa4 Qxc3
29.Be4 Rhc8 30.Bxd5+ exd5 31.Qd7 Rd8 32.Qe7 Qf6 33.Qc5 Qd6 34.Qd4 Qf6 35.Qd3 g6
36.h3 Qf5 37.Qd4 Rb3 38.Kh2 h5 39.Rac1 Qd7 40.Rfe1 Qd6 41.Rc5 Qb6 42.Rec1 Kb8
43.Qe5+ Ka7 44.Qe7+  1-0

[Event "TCh-HUN 2008-9"]
[Site "Mako HUN"]
[Date "2009.04.05"]
[Round "10"]
[White "Rapport,R"]
[Black "Nagy,Danie"]
[Result "1-0"]
[WhiteElo "2323"]
[BlackElo "2247"]

1.Nf3 d5 2.d4 Nf6 3.c4 e6 4.Nc3 c6 5.e3 Nbd7 6.Bd3 dxc4 7.Bxc4 b5 8.Bd3 a6
9.a4 b4 10.Ne4 c5 11.O-O Bb7 12.Ned2 a5 13.Re1 Be7 14.e4 O-O 15.e5 Nd5 16.Nb3 Rc8
17.dxc5 Nxc5 18.Nxc5 Rxc5 19.Nd4 Qa8 20.Qg4 Rd8 21.Nxe6 fxe6 22.Qxe6+ Kf8
23.Bxh7 Bh4 24.Qg8+ Ke7 25.Qxg7+ Ke6 26.Qg4+  1-0

[Event "ch-DEN"]
[Site "Silkeborg DEN"]
[Date "2009.04.05"]
[Round "2"]
[White "Matthiesen,M"]
[Black "Rasmussen,A"]
[Result "0-1"]
[WhiteElo "2291"]
[BlackElo "2501"]

1.d4 d5 2.c4 c6 3.Nf3 Nf6 4.Nc3 e6 5.e3 Nbd7 6.Qc2 Bd6 7.Be2 O-O 8.O-O dxc4
9.Bxc4 a6 10.h3 c5 11.dxc5 Bxc5 12.Be2 b6 13.Ne4 Nxe4 14.Qxe4 Rb8 15.Rd1 Qe7
16.Bd2 Bb7 17.Qh4 f6 18.Rac1 Rfd8 19.Be1 Nf8 20.Qa4 Rbc8 21.Rxd8 Qxd8 22.Bb4 b5
23.Qb3 Qe7 24.Rxc5 Rxc5 25.Ne1 Qc7 26.Bxc5 Qxc5 27.Nd3 Qd6 28.Qc3 Nd7 29.a3 Be4
30.Kf1 Kf7 31.g3 Bxd3 32.Bxd3 Ne5 33.Be2 Qd5 34.Qc7+ Kg6 35.Qc2+ f5 36.Kg1 Nc4
37.a4 Nd6 38.axb5 axb5 39.b4 Nc4 40.h4 Kf6 41.Bxc4 bxc4 42.Qc3+ Kf7 43.Kf1 Qd1+
44.Qe1 Qd3+ 45.Qe2 e5 46.b5 Ke6  0-1

[Event "11th European Senior Team"]
[Site "Velden AUT"]
[Date "2009.04.05"]
[Round "1"]
[White "Nautsch,W"]
[Black "Grom,W"]
[Result "0-1"]
[WhiteElo "2273"]
[BlackElo "1975"]

1.d4 d5 2.c4 c6 3.Nf3 Nf6 4.Nc3 e6 5.e3 Nbd7 6.Bd3 Bd6 7.O-O O-O 8.Qc2 dxc4
9.Bxc4 e5 10.Rd1 Qe7 11.e4 exd4 12.Nxd4 Ne5 13.Be2 Bb4 14.Bg5 h6 15.Bh4 Ng6
16.Bxf6 Qxf6 17.g3 Bc5 18.Nf5 Re8 19.Na4 Bf8 20.Rd2 Ne5 21.f4 Ng6 22.Rad1 Bxf5
23.exf5 Ne7 24.Rd7 Nxf5 25.R1d2 b5 26.Nc3 Bc5+ 27.Kh1 Qe6 28.Qd3 Be3 29.Rd1 Nxg3+
30.Kg2 Nf5 31.Bg4 Nh4+ 32.Kh3 f5 33.Kxh4 fxg4 34.Kg3 Bxf4+ 35.Kg2 b4 36.Na4 Qe2+
37.Qxe2 Rxe2+ 38.Kf1 Rxh2 39.R1d4 Rf8 40.Rd8 Rxd8 41.Rxd8+ Kf7  0-1

[Event "FSIMA April"]
[Site "Budapest HUN"]
[Date "2009.04.06"]
[Round "3"]
[White "Corke,A"]
[Black "Katzir,M"]
[Result "1-0"]
[WhiteElo "2237"]
[BlackElo "2279"]

1.d4 d5 2.c4 e6 3.Nc3 c6 4.e3 Nf6 5.Nf3 Nbd7 6.Bd3 dxc4 7.Bxc4 b5 8.Bd3 a6
9.e4 c5 10.d5 c4 11.dxe6 fxe6 12.Bc2 Qc7 13.O-O Bd6 14.Qe2 O-O 15.h3 Ne5
16.Nxe5 Bxe5 17.f4 Bd4+ 18.Kh1 e5 19.fxe5 Qxe5 20.Bf4 Qh5 21.Qd2 Rd8 22.Nd5 Nxd5
23.Qxd4 Bxh3 24.exd5 Bf5+ 25.Kg1 Bxc2 26.d6 Rac8 27.Be5 Qg6 28.Qd5+ Kh8 29.Rf7 Rxd6
30.Raf1 Bf5 31.Bxd6  1-0

[Event "11th European Senior Team"]
[Site "Velden AUT"]
[Date "2009.04.06"]
[Round "2"]
[White "Niebuhr,G"]
[Black "Hennings,M"]
[Result "1/2-1/2"]
[WhiteElo "2048"]
[BlackElo "2008"]

1.d4 d5 2.c4 c6 3.Nf3 Nf6 4.Nc3 e6 5.e3 a6 6.Bd3 dxc4 7.Bxc4 b5 8.Bd3 Bb7
9.e4 c5 10.Bg5 cxd4 11.Nxd4 Be7 12.a3 O-O 13.Nf3 h6 14.Bh4 Nbd7 15.Qe2 Re8
16.O-O Rc8 17.Rfd1 Qb6 18.Rac1 Rc7 19.Bg3 Rcc8 20.Bc2 Nf8 21.Ne5  1/2-1/2

[Event "11th European Senior Team"]
[Site "Velden AUT"]
[Date "2009.04.06"]
[Round "2"]
[White "Dickhoff,R"]
[Black "Anguera Maestro,J"]
[Result "0-1"]
[WhiteElo "2149"]
[BlackElo "2230"]

1.d4 d5 2.c4 c6 3.Nf3 Nf6 4.e3 e6 5.Nc3 Bd6 6.Qc2 Nbd7 7.b3 O-O 8.Be2 e5
9.cxd5 Nxd5 10.Nxd5 cxd5 11.dxe5 Nxe5 12.O-O Nxf3+ 13.Bxf3 Qh4 14.g3 Qf6
15.Bxd5 Bf5 16.e4 Bh3 17.Rd1 Be5 18.Qe2 Bxa1 19.Bxb7 Rad8 20.Bd5 Bd4 21.Be3 Bxe3
22.Qxe3 Rfe8  0-1

[Event "11th European Senior Team"]
[Site "Velden AUT"]
[Date "2009.04.06"]
[Round "2"]
[White "Saharinen,P"]
[Black "Ludvigsen,J"]
[Result "1-0"]
[WhiteElo "1825"]
[BlackElo "1785"]

1.d4 d5 2.c4 c6 3.Nf3 Nf6 4.Nc3 e6 5.e3 Nbd7 6.Qc2 Bd6 7.Bd3 O-O 8.O-O dxc4
9.Bxc4 b5 10.Be2 a6 11.e4 e5 12.dxe5 Nxe5 13.Rd1 Qc7 14.Nh4 Neg4 15.g3 Bc5
16.Rf1 Qa7 17.Bf3 Be6 18.b3 Rad8 19.Bb2 Ne5 20.Bg2 Nd3 21.h3 Bd4 22.Nd1 Nxb2
23.Nxb2 Rd7 24.Rae1 Rfd8 25.Nf3 Bb6 26.Rd1 Qc7 27.e5 Nd5 28.Ng5 g6 29.Nxe6 fxe6
30.Bxd5 cxd5 31.Qe2 Rf8 32.Nd3 Rdf7 33.h4 Rf3 34.Kg2 Qf7 35.Nf4 Rc3 36.Rc1 Rfc8
37.Rxc3 Rxc3 38.Nd3 Qc7 39.Rd1 d4 40.Qg4 Qe7 41.h5 g5 42.h6 Rc2 43.Qf3 Rxa2
44.Rc1 Bc7 45.Qa8+ Kf7 46.Qh8 Kg6 47.Qg7+ Qxg7 48.hxg7 Kxg7 49.Rxc7+ Kg6
50.Kf3 Ra3 51.Rc6 Rxb3 52.Rxe6+ Kf7 53.Rf6+ Kg7 54.Ke4 a5 55.Kxd4 a4 56.Ra6 a3
57.Nc1 Rb2 58.Rxa3 b4 59.Rb3  1-0

[Event "FSFMA April"]
[Site "Budapest HUN"]
[Date "2009.04.07"]
[Round "4"]
[White "Yip,M"]
[Black "Vaarala,E"]
[Result "1-0"]
[WhiteElo "2067"]
[BlackElo "1959"]

1.d4 d5 2.c4 c6 3.Nf3 Nf6 4.Nc3 e6 5.e3 a6 6.b3 Bb4 7.Bd2 O-O 8.Bd3 Qe7 9.O-O Nbd7
10.Qc2 Rd8 11.e4 Bxc3 12.Bxc3 dxe4 13.Bxe4 Nxe4 14.Qxe4 Nf6 15.Qh4 b5 16.Rfe1 Bb7
17.Rad1 bxc4 18.bxc4 Qa3 19.Re3 Qa4 20.Rde1 Qxc4 21.Ne5 Qxa2 22.Rg3 Nd5 23.Qh6 g6
24.Rh3 Nf6 25.Qf4 Qc2 26.Qxf6 Qf5 27.Qh4 c5 28.dxc5 h5 29.c6 Bxc6 30.Nxc6 Rd7
31.Ne7+  1-0

[Event "16th TCh-RUS Premier"]
[Site "Dagomys RUS"]
[Date "2009.04.07"]
[Round "4"]
[White "Volkov,Sergey1"]
[Black "Caruana,F"]
[Result "1-0"]
[WhiteElo "2594"]
[BlackElo "2649"]

1.d4 d5 2.c4 c6 3.Nc3 Nf6 4.e3 e6 5.Nf3 Nbd7 6.Bd3 dxc4 7.Bxc4 b5 8.Be2 Bb7
9.O-O a6 10.e4 c5 11.e5 Nd5 12.a4 b4 13.Ne4 Qc7 14.Re1 h6 15.Bf1 Be7 16.b3 Nc3
17.Nxc3 bxc3 18.Ba3 Nb6 19.Rc1 cxd4 20.Bxe7 Qxe7 21.Nxd4 Nd5 22.Bc4 Rd8 23.Qg4 O-O
24.Ne2 Nb6 25.Rxc3 Nxc4 26.Rxc4 Rd3 27.b4 Rfd8 28.h3 Qd7 29.Nc3 Kh8 30.b5 Kh7
31.b6 Rc8 32.Rxc8 Qxc8 33.Ne4 Qc6 34.a5 Rd4 35.f3 Qd5 36.Qh5 g6 37.Nf6+ Kg7
38.Nxd5 gxh5 39.Nf6 Rb4 40.Rc1 Kg6 41.Rc7 Bd5 42.Ra7 Kf5 43.Nxd5 exd5 44.Rxa6 d4
45.Ra8  1-0

[Event "16th TCh-RUS HL"]
[Site "Dagomys RUS"]
[Date "2009.04.07"]
[Round "6"]
[White "Dyachkov,S"]
[Black "Smirnov,P"]
[Result "1/2-1/2"]
[WhiteElo "2568"]
[BlackElo "2575"]

1.d4 d5 2.c4 c6 3.Nf3 Nf6 4.Nc3 e6 5.e3 Nbd7 6.Bd3 dxc4 7.Bxc4 b5 8.Bd3 Bd6
9.O-O O-O 10.Bd2 Bb7 11.a3 a5 12.Rc1 b4 13.axb4  1/2-1/2

[Event "ch-DEN"]
[Site "Silkeborg DEN"]
[Date "2009.04.07"]
[Round "4"]
[White "Andersen,Ru1"]
[Black "Matthiesen,A"]
[Result "0-1"]
[WhiteElo "2156"]
[BlackElo "2349"]

1.d4 d5 2.c4 c6 3.Nc3 Nf6 4.Nf3 e6 5.e3 Nbd7 6.Qc2 Bd6 7.Bd2 Qe7 8.O-O-O O-O
9.h3 e5 10.cxd5 cxd5 11.dxe5 Nxe5 12.Nxe5 Bxe5 13.g4 Be6 14.Bd3 Rac8 15.Kb1 Ne4
16.Bxe4 dxe4 17.Qa4 Rc6 18.a3 Bc4 19.Nd5 Bxd5 20.Bb4 Qe6 21.Bxf8 Kxf8 22.Rc1 Rb6  0-1

[Event "11th European Senior Team"]
[Site "Velden AUT"]
[Date "2009.04.07"]
[Round "3"]
[White "Sandklef,A"]
[Black "Hoehm,W"]
[Result "0-1"]
[WhiteElo "2029"]
[BlackElo "2035"]

1.d4 d5 2.c4 e6 3.Nf3 c6 4.e3 Nf6 5.Nc3 Nbd7 6.Bd3 dxc4 7.Bxc4 b5 8.Bd3 Bb7
9.O-O a6 10.e4 c5 11.d5 e5 12.Bg5 Bd6 13.Ne2 h6 14.Bd2 O-O 15.Ng3 c4 16.Be2 Nc5
17.Bc3 Ncxe4 18.Nxe4 Nxe4 19.Bxe5 Bxe5 20.Nxe5 Qxd5 21.Qxd5 Bxd5 22.Rfd1 Rad8
23.Rd4 Rfe8 24.f4 Bb7 25.Rad1 Rxd4 26.Rxd4 Nc5 27.Rd6 g6 28.Rf6 Re7 29.Rd6 Kg7
30.Kf1 Na4 31.b3 Nc3 32.bxc4 Nxe2 33.Kxe2 f6 34.Rd7 Rxd7 35.Nxd7 Bxg2 36.cxb5 axb5
37.Ke3 Kf7 38.Nc5 Ke7 39.a3 Kd6 40.Kd4 Bd5 41.Nd3 g5 42.fxg5 hxg5 43.Nb4 Bb7
44.Nd3 Bc6 45.Nb4 f5 46.Nd3 f4 47.Ne5 Bd5 48.Nd3 Bc6 49.Ne5 Be8 50.h3 Ke6
51.Nd3 Bg6 52.Nf2 Kd6 53.Ng4 Bh5 54.Nf6 Bf3 55.Nh7 g4 56.hxg4 Bxg4 57.Ng5 Kc6
58.Nf7 Kb6 59.Ke4 f3 60.Ne5 f2  0-1

[Event "16th TCh-RUS Premier"]
[Site "Dagomys RUS"]
[Date "2009.04.08"]
[Round "5"]
[White "Smirnov,Arte"]
[Black "Deviatkin,A"]
[Result "0-1"]
[WhiteElo "2454"]
[BlackElo "2566"]

1.d4 d5 2.c4 c6 3.Nc3 Nf6 4.e3 e6 5.Nf3 Nbd7 6.Bd3 dxc4 7.Bxc4 b5 8.Bd3 Bd6
9.O-O O-O 10.Qc2 Bb7 11.a3 a5 12.Ng5 Bxh2+ 13.Kxh2 Ng4+ 14.Kg1 Qxg5 15.f3 Ngf6
16.e4 Qh4 17.Be3 e5 18.Ne2 Rfe8 19.Qd2 h6 20.Rfd1 Nh5 21.Bf2 Qe7 22.g4 Nhf6
23.Ng3 Nh7 24.Nf5 Qe6 25.Bh4 exd4 26.Nxd4 Qe5 27.Nf5 Nc5 28.Bg3 Qf6 29.Qe3 Nxd3
30.Rxd3 Bc8 31.e5 Qg6 32.Nd6 Rf8 33.Kf2 Be6 34.Rad1 b4 35.Bh4 Rab8 36.R1d2 bxa3
37.Rxa3 Rb4 38.Be7 Rfb8 39.Rxa5 Rb3 40.Qe2 Ng5 41.Bxg5 Qxg5 42.Ra3 Qf4 43.Kg2 Bd5
44.Ne4 Rxf3 45.Rxf3 Bxe4  0-1

[Event "16th TCh-RUS HL"]
[Site "Dagomys RUS"]
[Date "2009.04.08"]
[Round "7"]
[White "Gasanov,E"]
[Black "Lastin,A"]
[Result "1-0"]
[WhiteElo "2551"]
[BlackElo "2650"]

1.d4 d5 2.c4 c6 3.Nc3 Nf6 4.e3 e6 5.Nf3 Nbd7 6.Qc2 Bd6 7.b3 O-O 8.Be2 b6
9.O-O Bb7 10.Bb2 Qe7 11.Rad1 Rad8 12.Rfe1 Rfe8 13.Bf1 dxc4 14.bxc4 e5 15.g3 exd4
16.exd4 Qf8 17.Ng5 Rxe1 18.Rxe1 Re8 19.Rxe8 Qxe8 20.c5 bxc5 21.Nce4 Nxe4
22.Nxe4 Bf8 23.dxc5 h6 24.h4 Kh8 25.Bh3 Ba6 26.Nd6 Qe7 27.Qf5 Nxc5 28.Nxf7+ Kg8
29.Ne5 Qf6 30.Qxf6 gxf6 31.Nxc6 Bc4 32.Bxf6 a6 33.Bf1 Bxa2 34.Nb4 Be6 35.Nxa6 Ne4
36.Bd4 Bd6 37.Bg2  1-0

[Event "11th European Senior Team"]
[Site "Velden AUT"]
[Date "2009.04.08"]
[Round "4"]
[White "Pushkov,N"]
[Black "Klundt,K"]
[Result "1/2-1/2"]
[WhiteElo "2499"]
[BlackElo "2347"]

1.d4 d5 2.Nf3 Nf6 3.c4 c6 4.e3 e6 5.Nc3 Nbd7 6.Qc2 Bd6 7.Bd3 dxc4 8.Bxc4 O-O
9.O-O b5 10.Be2 Bb7 11.Rd1 Qc7 12.e4 e5 13.g3 Rfe8 14.a3 a5 15.Bg5 b4 16.dxe5 Nxe5
17.Bxf6 gxf6 18.axb4 axb4 19.Rxa8 Bxa8 20.Na4 Nxf3+ 21.Bxf3 c5 22.Qd3 Bf8
23.Rc1 Qe5  1/2-1/2

[Event "16th TCh-RUS Premier"]
[Site "Dagomys RUS"]
[Date "2009.04.09"]
[Round "6"]
[White "Rychagov,A"]
[Black "Popov,Val"]
[Result "1-0"]
[WhiteElo "2530"]
[BlackElo "2570"]

1.d4 d5 2.c4 c6 3.Nc3 Nf6 4.e3 e6 5.Nf3 a6 6.b3 Bb4 7.Bd2 Nbd7 8.Bd3 O-O
9.O-O Qe7 10.Qc2 e5 11.dxe5 Nxe5 12.Nxe5 Qxe5 13.Nxd5 Nxd5 14.cxd5 Bxd2 15.Qxd2 Qxd5
16.Qc2 h6 17.Qc3 Bf5 18.Bc4 Qe4 19.f3 Qe7 20.e4 Qc5+ 21.Kh1 Be6 22.Rac1 Bxc4
23.Qxc4 Qxc4 24.bxc4 Rfd8 25.Rfd1 b6 26.Kg1 Kf8 27.Kf2 Ke7 28.Ke3 Rxd1 29.Rxd1 Rd8
30.Rxd8 Kxd8 31.Kd4 Kd7 32.f4 Ke6 33.f5+ Kf6 34.g4 g6 35.e5+ Kg7 36.Kc3 h5
37.f6+ Kf8 38.gxh5 gxh5 39.c5  1-0

[Event "16th TCh-RUS HL"]
[Site "Dagomys RUS"]
[Date "2009.04.09"]
[Round "8"]
[White "Mozharov,M"]
[Black "Smirnov,P"]
[Result "1/2-1/2"]
[WhiteElo "2475"]
[BlackElo "2575"]

1.d4 d5 2.c4 c6 3.Nf3 Nf6 4.Nc3 e6 5.e3 Nbd7 6.Qc2 Bd6 7.Bd3 O-O 8.O-O dxc4
9.Bxc4 a6 10.a3 c5 11.dxc5 Bxc5 12.b4 Be7 13.Bb2 b5 14.Be2 Bb7 15.Rfd1 Qc7
16.Qb3 Rac8 17.h3 Rfd8 18.Rac1 Qb6 19.Qa2 h6 20.Nb1 Bd5 21.Qa1 Qb7 22.Rxc8 Rxc8
23.Nbd2 Nb6 24.Rc1 Rxc1+ 25.Qxc1 Ne4 26.Nxe4 Bxe4  1/2-1/2

[Event "16th TCh-RUS HL"]
[Site "Dagomys RUS"]
[Date "2009.04.09"]
[Round "8"]
[White "Zabotin,A"]
[Black "Goganov,A"]
[Result "1-0"]
[WhiteElo "2486"]
[BlackElo "2462"]

1.d4 d5 2.c4 c6 3.e3 Nf6 4.Nc3 e6 5.Nf3 Nbd7 6.Qc2 Bd6 7.Be2 O-O 8.O-O dxc4
9.Bxc4 b5 10.Be2 Bb7 11.Rd1 Qb8 12.b3 a6 13.Ne4 Nxe4 14.Qxe4 c5 15.Qh4 cxd4
16.Nxd4 Ne5 17.Qh3 Be7 18.Bb2 Bf6 19.Rd2 Qc7 20.Qg3 Rac8 21.Rad1 Ng6 22.Ba3 Qxg3
23.hxg3 Rfd8 24.f3 Rd7 25.Kf2 Rcd8 26.Bb4 e5 27.Nf5 Rxd2 28.Rxd2 Rxd2 29.Bxd2 e4
30.Nd6 exf3 31.Nxb7 fxe2 32.Nc5 Be5 33.Nxa6 Ne7 34.g4 Nd5 35.Kxe2 Nf6 36.Kf3 Kf8
37.Nb4 Ke8 38.Nc6 Bd6 39.Bc3 Nd5 40.Bxg7 Kd7 41.Ne5+ Ke6 42.Nd3 f6 43.Nf4+ Nxf4
44.exf4 Kf7 45.Bh8 Be7 46.g5 fxg5 47.a4 bxa4 48.bxa4 Bb4 49.fxg5 Kg6 50.Kg4 Bd2
51.Bd4 Ba5 52.Be3 Kf7 53.Kf5  1-0

[Event "XXXII Open"]
[Site "Donostia San Sebastian ESP"]
[Date "2009.04.09"]
[Round "6"]
[White "Djingarova,E"]
[Black "Cifuentes Parada,R"]
[Result "1/2-1/2"]
[WhiteElo "2334"]
[BlackElo "2531"]

1.d4 d5 2.c4 c6 3.Nf3 Nf6 4.e3 e6 5.Nc3 Nbd7 6.Bd3 Bd6 7.O-O O-O 8.b3 Qe7
9.Bb2 e5 10.dxe5 Nxe5 11.cxd5 Nxf3+ 12.gxf3 Bh3 13.Re1 Nxd5 14.f4 Nb4 15.Be4 f5
16.Bf3 Rad8 17.Qe2 Qh4 18.Qc4+ Kh8 19.Ne2 Bg4 20.Bg2 Be7 21.Nd4 b5 22.Qc3 Rf6
23.e4 fxe4 24.Rxe4 Bf8 25.a3 Nd5 26.Qg3 Qh5 27.Re5 Bf5 28.Qg5 Bg6 29.Qxh5 Bxh5
30.Rxh5 Nxf4 31.Rh4 Bc5 32.Nf3 Rf5 33.b4 Bb6 34.Rg4 Rd7 35.Kf1 h5 36.Nh4 hxg4
37.Nxf5 Rd2 38.Bxg7+ Kh7 39.Bd4 Bxd4 40.Nxd4 Rxd4 41.Bxc6 a6 42.f3 gxf3 43.Bxf3 Kh6
44.Rd1 Rc4 45.Rd6+ Kg5 46.Kf2 Rc3 47.Rxa6 Nh3+ 48.Kg2 Nf4+ 49.Kg3 Ne2+ 50.Kf2 Nd4
51.Bd5 Kf4 52.Ra8  1/2-1/2

[Event "XXXII Open"]
[Site "Donostia San Sebastian ESP"]
[Date "2009.04.09"]
[Round "7"]
[White "Cifuentes Parada,R"]
[Black "Andres Gonzalez,I"]
[Result "1/2-1/2"]
[WhiteElo "2531"]
[BlackElo "2364"]

1.c4 Nf6 2.Nc3 c6 3.d4 d5 4.e3 e6 5.Nf3 Nbd7 6.Qc2 Bd6 7.b3 O-O 8.Be2 b6
9.O-O Bb7 10.Bb2 Rc8 11.Rad1 Qe7 12.Rfe1 Rfe8 13.Bd3 c5 14.cxd5 exd5 15.dxc5 Nxc5
16.Bf5 Ne6 17.Qd3 Rcd8 18.Qb1 Bb4 19.Qa1 Ne4 20.Rc1 g6 21.Bxe6 Qxe6 22.a3 Bf8
23.Nb5 Qd7 24.a4 Nc5 25.Qb1 Ba6 26.Ba1 Bxb5 27.axb5 Bg7 28.Bxg7 Kxg7 29.b4 Ne6
30.Qb2+ Kg8 31.Ne5 Qxb5 32.Ng4 h5 33.Nf6+ Kf8 34.Nxe8 Rxe8 35.Qh8+ Ke7 36.Qe5 Kf8
37.Red1 Rd8 38.Rc8 Rxc8 39.Qh8+ Ke7 40.Qxc8 Qa4 41.Rc1 Kf6 42.Qc3+ Ke7 43.h4 a6
44.g3 Qb5 45.Qc6 Qxb4 46.Qxd5 a5 47.Qe5 Qd6 48.Qb5 Nc5 49.Rb1 Nd7 50.Qb3 Qe6
51.Qb2 Qe4 52.Qa3+ Kf6 53.Rd1 Ne5 54.Qc3 Kf5 55.f4 Nc4 56.Rd4 Qxe3+ 57.Qxe3 Nxe3
58.Kf2 Ng4+ 59.Kf3 Ke6 60.Rd8 Nf6 61.Ke3 Ke7 62.Ra8 Kd7 63.Kd4 Ke6 64.Ra7 Nd7
65.Rc7 Kd6 66.Rc8 Nf6 67.Rh8 Ke6 68.Rb8 Nd7 69.Re8+ Kd6  1/2-1/2

[Event "CEZ Cup"]
[Site "Frydek Mistek CZE"]
[Date "2009.04.09"]
[Round "1"]
[White "Jedlicka,A"]
[Black "Nemcova,Kat"]
[Result "1/2-1/2"]
[WhiteElo "2306"]
[BlackElo "2294"]

1.d4 d5 2.c4 c6 3.Nf3 Nf6 4.Nc3 e6 5.e3 Nbd7 6.Qc2 Bd6 7.Be2 O-O 8.b3 Re8
9.O-O a6 10.Bb2 e5 11.dxe5 Nxe5 12.Rad1 Qc7 13.cxd5 cxd5 14.Nd4 Bd7 15.Nf5 Bf8
16.Qb1 Bc6 17.Rc1 Rac8 18.Rfd1 Qb8 19.Na4 Neg4 20.Bxg4 Nxg4 21.Ng3 Rcd8 22.Bd4 Bd6
23.Qf5 Bd7 24.Qg5 g6 25.Nc5 Bc8 26.Nh5 Bxh2+ 27.Kf1 Be5 28.Bxe5 Qxe5 29.Qxe5 Rxe5
30.Nf4 Nf6 31.Ncd3 Re7 32.Nb4 Be6 33.Rd4 Red7 34.f3 a5 35.Nbd3 Rd6 36.Ne5 Nd7
37.Nc4 Rc6 38.Nxd5 Kg7 39.Rcd1 Nc5 40.Nxa5 Ra6 41.b4 Rd7 42.bxc5 Rxa5 43.Nb4 Rc7
44.Nd3 Rxa2 45.Rc1 Ra5 46.Rb4 Bd5 47.e4 Bc6 48.Kf2 Ra2+ 49.Rb2 Rxb2+ 50.Nxb2 Bb5
51.Ke3 b6 52.cxb6 Rb7  1/2-1/2

[Event "ArcelorMittal Open"]
[Site "Frydek Mistek CZE"]
[Date "2009.04.09"]
[Round "2"]
[White "Svana,P"]
[Black "Zavadil,M"]
[Result "1-0"]
[WhiteElo "2236"]
[BlackElo "2039"]

1.d4 d5 2.c4 c6 3.Nc3 Nf6 4.e3 e6 5.Nf3 Nbd7 6.Qc2 Bd6 7.g4 Bb4 8.Bd2 Qe7
9.g5 Bxc3 10.Bxc3 Ne4 11.h4 Nxc3 12.Qxc3 dxc4 13.Bxc4 b5 14.Be2 Bb7 15.d5 cxd5
16.Qxg7 Qb4+ 17.Kf1 Ke7 18.a3 Qe4 19.h5 Rhg8 20.Qd4 a6 21.Rh4 Qxd4 22.exd4 f6
23.g6 hxg6 24.hxg6 Rxg6 25.Rh7+ Kd6 26.a4 b4 27.a5 Bc6 28.Bd3 Rgg8 29.Ke2 Bb5
30.Bxb5 axb5 31.Nd2 Rgc8 32.Kd3 e5 33.Nb3 Rc4 34.a6 Rc6 35.Ra5 exd4 36.f4 Ra7
37.Nxd4 Rb6 38.Nxb5+ Rxb5 39.Rxb5 Nc5+ 40.Rxc5 Rxh7 41.Ra5 Ra7 42.Kc2 Kc6
43.Kb3 Kb6 44.Kxb4 Re7 45.a7  1-0